000 00544nam a22001937a 4500
999 _c6330
_d6330
003 OSt
005 20190919112019.0
008 190919b ||||| |||| 00| 0 eng d
020 _a0813337992
040 _cDDC
082 _a591.7 HEA 1994
100 _aHeady, Harold F.; Child Dennis R.
_912955
245 _aRangeland Ecology & Management
260 _aBoulder;
_bWestview press,
_c1994
300 _axvi,519p;
_bill:
_c23cm
504 _aReferences, Appendices, & index included
650 _aEcology management
_912956
942 _2z
_cB_BANK